000
00345nam a2200145Ia 4500
008
230718s9999 xx 000 0 und d
041
_a
Eng.
082
_a
343.07
_b
SHE-9
100
_a
Sher Vami Aziz P.
245
0
_a
99 Lectures on Business law
260
_a
Pakistan
_b
Reham Publishers
_c
2009
300
_a
391
650
_a
Law
999
_c
29719
_d
29719